| 000 | 01100pam a2200301 a 4500 | ||
|---|---|---|---|
| 999 |
_c10 _d10 |
||
| 001 | 3942966 | ||
| 003 | OSt | ||
| 005 | 20180804111501.0 | ||
| 008 | 930722s1993 miu b 001 0 eng | ||
| 010 | _a 93029660 | ||
| 020 |
_a0892837845 : _c$8.99 (tent.) |
||
| 040 |
_aDLC _cDLC _dDLC |
||
| 050 | 0 | 0 |
_aBT732.5 _b.K73 1993 |
| 082 | 0 | 0 |
_a253.5 _220 |
| 100 | 1 | _aKraft, Charles H. | |
| 245 | 1 | 0 |
_aDeep wounds, deep healing : _bdiscovering the vital link between spiritual warfare and inner healing / _cCharles H. Kraft ; with Ellen Kearney and Mark H. White. |
| 260 |
_aAnn Arbor, Mich. : _bVine Books/Servant Publications, _cc1993. |
||
| 300 |
_a295 p. ; _c21 cm. |
||
| 504 | _aIncludes bibliographical references (p. 285-288) and index. | ||
| 650 | 0 | _aSpiritual healing. | |
| 650 | 0 | _aSpiritual warfare. | |
| 650 | 0 | _aPastoral counseling. | |
| 700 | 1 | _aKearney, Ellen. | |
| 700 | 1 | _aWhite, Mark H. | |
| 906 |
_a7 _bcbc _corignew _d1 _eocip _f19 _gy-gencatlg |
||
| 942 |
_2ddc _cBK |
||